000 00657nam a22002057a 4500
003 0
005 20250829161331.0
008 250829b xxu||||| |||| 00| 0 eng d
020 _a978-1-98469-472-0
050 _aHN 49.C6
_b.P75 2025
100 _aPrice, Wyatt,
_eauthor.
245 _aIntroduction to community development /
_cWyatt Price.
260 _aNew York, NY :
_b3G E-Learning LLC,
_c2025.
300 _axviii, 313 pages :
_bcolored illustrations ;
_c26 cm.
504 _aIncludes bibliographical references and index.
650 _aCommunity development.
650 _aSocial planning.
650 _aCommunity organization.
942 _2lcc
_cBK
999 _c367698
_d367698